000 00556nam a2200193 a 4500
001 000025689
003 000025689
005 20160920114358.0
008 110221s2004 dr ac 000 0 spa d
020 _a9993497444
040 _aBPMET
_bspa
_cBPMET
049 _aBNPD
100 1 _aCabral de Peña Gómez, Peggy
245 1 0 _aConversando con Peggy Cabral /
_cPeggy Cabral de Peña Gómez.
260 _aSanto Domingo :
_bEditora Manatí,
_c2004.
300 _a324 p. :
_bil. ;
_c23 cm.
942 _2ddc
_cBK
956 _aVMATEO
_b10
_c20110223
_lBPMSU
_h0069
999 _c7132
_d7132